[Event "GER-chT Federal Cup (Women)"]
[Site "Braunfels"]
[Date "2025.06.21"]
[Round "4.11"]
[White "Khuong, Thi Hong Nhung"]
[Black "Finke, Kelsie Josefine"]
[Result "0-1"]
[WhiteElo "1970"]
[BlackElo "2011"]
[PlyCount "76"]
[EventDate "2025.06.19"]
[EventType "team-swiss"]
[EventRounds "5"]
[EventCountry "GER"]
[SourceTitle "CB26_2025"]
[SourceDate "2025.06.25"]
[SourceVersion "1"]
[SourceVersionDate "2025.06.25"]
[SourceQuality "1"]
[WhiteTeam "Berlin (W)"]
[BlackTeam "Wuerttemberg (W)"]
[WhiteTeamCountry "GER"]
[BlackTeamCountry "GER"]

1. d4 d5 2. Nf3 Nf6 3. c4 dxc4 4. Nc3 a6 5. a4 Nc6 6. e3 Na5 7. Ne5 Be6 8. Ra3 Rc8 9. e4 c6 10. Be3 Nd7 11. Be2 Nxe5 12. dxe5 Qxd1+ 13. Nxd1 c5 14. 0-0 f6 15. exf6 exf6 16. f4 Be7 17. Bf2 Nc6 18. a5 Nd4 19. Nc3 Nxe2+ 20. Nxe2 Rd8 21. Be1 0-0 22. Rg3 Rd3 23. Bc3 Rfd8 24. Kf2 Bd7 25. Nc1 Rxg3 26. Kxg3 Bc6 27. Re1 g5 28. fxg5 fxg5 29. h3 Kf7 30. Kg4 Kg6 31. Re3 Rd1 32. Ne2 Rf1 33. Kg3 h5 34. Kh2 Bd6+ 35. g3 Rd1 36. Kg2 Rd3 37. Kf2 Bd7 38. e5 Be7 0-1